La ballena vasca y la fauna piscícola del Golfo de Bizkaia y otros animales marinos / (Record no. 184791)

MARC details
000 -LEADER
campo de control de longitud fija 00961nam a2200241 i 4500
001 - NÚMERO DE CONTROL
campo de control 184791
003 - IDENTIFICADOR DE NÚMERO DE CONTROL
campo de control ES-MaACL
005 - FECHA Y HORA DE LA ÚLTIMA TRANSACCIÓN
campo de control 20250902090038.0
008 - DATOS DE LONGITUD FIJA--INFORMACIÓN GENERAL
campo de control de longitud fija 160104s2015 sp a |||| | spa d
020 ## - NÚMERO INTERNACIONAL ESTÁNDAR DEL LIBRO
Número Internacional Estándar del Libro 978-84-8931-822-9
080 ## - NÚMERO DE LA CLASIFICACIÓN DECIMAL UNIVERSAL
Número de la Clasificación Decimal Universal 591.9(26)(460.15)
100 1# - ENTRADA PRINCIPAL--NOMBRE DE PERSONA
Nombre de persona Muñagorri Laguía, Miguel.
9 (RLIN) 137531
245 13 - MENCIÓN DEL TÍTULO
Título La ballena vasca y la fauna piscícola del Golfo de Bizkaia y otros animales marinos /
Mención de responsabilidad, etc. Miguel Muñagorri Laguía.
260 ## - PUBLICACIÓN, DISTRIBUCIÓN, ETC.
Lugar de publicación, distribución, etc. Madrid :
Nombre del editor, distribuidor, etc. Real Sociedad Bascongada de los Amigos del País, Delegación en Corte,
Fecha de publicación, distribución, etc. [2015]
300 ## - DESCRIPCIÓN FÍSICA
Extensión 219 p. :
Otras características físicas il. col. y n. ;
Dimensiones 21 cm.
504 ## - NOTA DE BIBLIOGRAFÍA, ETC.
Nota de bibliografía, etc. Bibliografía: p. 217-219.
650 #4 - PUNTO DE ACCESO ADICIONAL DE MATERIA--TÉRMINO DE MATERIA
Término de materia o nombre geográfico como elemento de entrada Pesca-
Subdivisión geográfica País Vasco.
9 (RLIN) 144825
650 ## - PUNTO DE ACCESO ADICIONAL DE MATERIA--TÉRMINO DE MATERIA
Término de materia o nombre geográfico como elemento de entrada Fauna marina-
Subdivisión geográfica País Vasco.
9 (RLIN) 161357
710 2# - ENTRADA AGREGADA--NOMBRE DE ENTIDAD CORPORATIVA
Nombre de entidad corporativa o nombre de jurisdicción como elemento de entrada Real Sociedad Bascongada de los Amigos del País.
Unidad subordinada Delegación en Corte
9 (RLIN) 6371
852 ## - LOCALIZACIÓN
Ubicación ES-MaACL
Número de control de estantería A-13550
itemnumber 191806
Sublocalización o colección R.150442
Ubicación en estantería Depósito 1
Signatura antigua Olim: N-6550
942 ## - ELEMENTOS DE ENTRADA SECUNDARIOS (KOHA)
Fuente del sistema de clasificación o colocación Clasificación decimal universal
Holdings
Estatus retirado Estado de pérdida Fuente del sistema de clasificación o colocación Estado de daño No para préstamo Biblioteca de origen Biblioteca actual Ubicación en estantería Fecha de adquisición Fuente de adquisición Total de préstamos Signatura topográfica completa Código de barras Visto por última vez Precio de reemplazo Tipo de ítem Koha
    Clasificación decimal universal     Biblioteca del Ateneo de Madrid Biblioteca del Ateneo de Madrid Depósito 1 04/01/2016 Donación   A-13550 1194592 23/02/2023 23/02/2023 Libro impreso